[Event "Sachsen-Anhalt Landesliga-B 1920"]
[Site "Sachsen Anhalt"]
[Date "2020.03.01"]
[Round "7.7"]
[White "Home, Marcus"]
[Black "Herbsleb, Felix"]
[Result "0-1"]
[WhiteElo "1706"]
[BlackElo "1609"]
[PlyCount "96"]
[EventDate "2019.09.29"]
[EventType "team-tourn"]
[EventRounds "9"]
[EventCountry "GER"]
[SourceTitle "EXT 2023"]
[Source "ChessBase"]
[SourceDate "2022.10.05"]
[SourceVersion "1"]
[SourceVersionDate "2022.10.05"]
[SourceQuality "1"]
[WhiteTeam "Anhalt"]
[BlackTeam "Coethen Germania II"]
[WhiteTeamCountry "GER"]
[BlackTeamCountry "GER"]

1. d4 Nf6 2. c4 e6 3. Nf3 d5 4. Bg5 Be7 5. Nc3 0-0 6. e3 c6 7. Rc1 Nbd7 8. Bd3 dxc4 9. Bxc4 b5 10. Bd3 Bb7 11. 0-0 h6 12. Bxf6 Nxf6 13. Bb1 Qb6 14. Qd3 Rfd8 15. Rfd1 a6 16. e4 Nd7 17. e5 Nf8 18. Ne4 Rd5 19. Qc2 Rad8 20. a3 c5 21. Ba2 c4 22. a4 Rc8 23. b3 cxb3 24. Qxb3 Rdd8 25. Bb1 Ng6 26. axb5 axb5 27. Bd3 Nf4 28. Ned2 Nxd3 29. Qxd3 Bd5 30. Qb1 Ba3 31. Rxc8 Rxc8 32. Nb3 Rc3 33. Nbd2 b4 34. Ne4 Rc1 35. Rxc1 Bxc1 36. Nc5 Ba3 37. Nd2 Qb5 38. Ndb3 Qe2 39. h3 Bb2 40. Qf1 Qc2 41. Qd3 Qc3 42. Qd1 Qc4 43. Kh2 Bc3 44. Kg1 g6 45. Kh2 h5 46. f4 Qb5 47. Kg1 Qc6 48. Qe2 Bxd4+ 0-1

[Event "Sachsen-Anhalt Landesliga B 18/19"]
[Site "Sachsen Anhalt"]
[Date "2019.02.03"]
[Round "6.8"]
[White "Herbsleb, Felix"]
[Black "Kalliwoda, Enrico"]
[Result "1-0"]
[WhiteElo "1580"]
[BlackElo "1764"]
[PlyCount "101"]
[EventDate "2018.09.23"]
[EventType "team-tourn"]
[EventRounds "9"]
[EventCountry "GER"]
[SourceTitle "EXT 2022"]
[Source "ChessBase"]
[SourceDate "2021.10.06"]
[SourceVersion "1"]
[SourceVersionDate "2021.10.06"]
[SourceQuality "1"]
[WhiteTeam "Coethen Germania II"]
[BlackTeam "Hettstedt"]
[WhiteTeamCountry "GER"]
[BlackTeamCountry "GER"]

1. d4 Nf6 2. c4 e6 3. Nf3 d5 4. g3 c6 5. Bg2 dxc4 6. Ne5 Nbd7 7. Nxc4 Nb6 8. Ne5 Qc7 9. 0-0 Bd6 10. Nd3 Nfd7 11. Nc3 0-0 12. Ne4 Be7 13. Bf4 Qd8 14. Rc1 Nd5 15. Bd2 N5f6 16. Nc3 Bd6 17. f4 c5 18. d5 exd5 19. Nxd5 Nxd5 20. Bxd5 Nb6 21. Bf3 Qe7 22. e4 c4 23. Nf2 Bc5 24. Qe2 Rb8 25. Be3 Bxe3 26. Qxe3 Be6 27. Rc2 Nc8 28. Rd1 b5 29. Be2 Nb6 30. Rcd2 Rfd8 31. b3 Rxd2 32. Rxd2 cxb3 33. axb3 Bd7 34. Qd4 h6 35. Ra2 Bc6 36. Rd2 a5 37. Qd6 Qb7 38. Qd4 a4 39. bxa4 Nxa4 40. Qb4 Re8 41. e5 Nb6 42. Rb2 Nd5 43. Qc5 b4 44. Bc4 Rb8 45. Rb3 Qa8 46. Nd3 Nc3 47. Nxb4 Qa1+ 48. Bf1 Bb5 49. Qf2 Bxf1 50. Nc2 Bh3+ 51. Nxa1 1-0

[Event "Sachsen-Anhalt Landesliga B 18/19"]
[Site "Sachsen Anhalt"]
[Date "2018.12.16"]
[Round "5.8"]
[White "Prudlik, Elisa"]
[Black "Herbsleb, Felix"]
[Result "0-1"]
[WhiteElo "1404"]
[BlackElo "1580"]
[PlyCount "76"]
[EventDate "2018.09.23"]
[EventType "team-tourn"]
[EventRounds "9"]
[EventCountry "GER"]
[SourceTitle "EXT 2022"]
[Source "ChessBase"]
[SourceDate "2021.10.06"]
[SourceVersion "1"]
[SourceVersionDate "2021.10.06"]
[SourceQuality "1"]
[WhiteTeam "Granschuetz Gruen Weiss"]
[BlackTeam "Coethen Germania II"]
[WhiteTeamCountry "GER"]
[BlackTeamCountry "GER"]

1. e4 d5 2. d3 dxe4 3. dxe4 Qxd1+ 4. Kxd1 Nc6 5. Nc3 e5 6. Be3 Be6 7. Bb5 0-0-0+ 8. Ke1 Nd4 9. Ba4 f5 10. exf5 Bxf5 11. Nf3 Nxf3+ 12. gxf3 Bb4 13. Bd2 Nf6 14. a3 Bc5 15. Rg1 g6 16. Bg5 Rhf8 17. Rd1 Bd4 18. Nb5 a6 19. Nxd4 exd4 20. Kd2 b5 21. Bb3 c5 22. c4 Rde8 23. Rge1 Be6 24. Kd3 Kd7 25. Ba2 Kd6 26. Rc1 Nd7 27. f4 Nb6 28. b4 bxc4+ 29. Ke2 c3 30. bxc5+ Kxc5 31. Bxe6 Rxe6+ 32. Kd3 Rfe8 33. Rxe6 Rxe6 34. Rb1 Nc4 35. Rb7 Nb2+ 36. Kc2 Re2+ 37. Kc1 Nd3+ 38. Kd1 Rd2# 0-1